000
00314nam a2200133Ia 4500
100
_a
MccIanachan D./ Owens/ R.
942
_c
BK
654
_a
Foxpro 2.5.
245
_a
Complete Foxpro 2.5 Language Reference
260
_b
B.P.B. Pub
_a
New Delhi
_c
1994
082
_a
005.1 'F A'
546
_a
ENGLISH
999
_c
27409
_d
27409